Missing Word: 3-Word Movie Titles Quiz Stats

 Plays Quiz Updated Aug 1, 2017

Support Sporcle.
Go Orange.
Score 0/20 Timer 04:00
0 Plays Today
Movie Title Missing Word % Correct
Beverly _____ CopHills
99.2%
West Side _____Story
97.4%
Saving _____ RyanPrivate
97.4%
_____ at Tiffany'sBreakfast
96.3%
_____ Man WalkingDead
94.5%
Daddy ____ CareDay
94.1%
All _____ JazzThat
93.6%
_____ Got MailYou've
93.5%
Driving ____ DaisyMiss
92.7%
Full ____ JacketMetal
91.9%
Movie Title Missing Word % Correct
Stranger ____ FictionThan
91.6%
Being ____ MalkovichJohn
86.8%
North by _____Northwest
86.1%
Swiss Family _____Robinson
86.1%
Cool Hand _____Luke
83.9%
Can't Hardly ____Wait
80.6%
Maid in ______Manhattan
79.9%
_____ Day AfternoonDog
75%
His Girl _____Friday
63.2%
_____ Pointe BlankGrosse
59.1%

Today's Daily Dose

You're not logged in!

Compare scores with friends on all Sporcle quizzes.
OR
Log In
Forgot?

From the Vault

Borders of Italy (1861-)

by Edelweiss

For some reason we keep trying to type in Narnia.
Remove Ads.
Support Sporcle.
Get the best of Sporcle when you Go Orange. This ad-free experience offers more features, more stats, and more fun while also helping to support Sporcle. Thank you for becoming a member.

Show Comments

Extras

Top Quizzes Today


Score Distribution

Your Account Isn't Verified!

In order to create a playlist on Sporcle, you need to verify the email address you used during registration. Go to your Sporcle Settings to finish the process.

Report this User

Report this user for behavior that violates our Community Guidelines.

Details: